[Event "Massy 21th op"]
[Site "Massy "]
[Date "2009.06.28"]
[Round "?"]
[White "Epstein, Raphael"]
[Black "Barchilon, Jean Charles"]
[Result "0-1"]
[WhiteElo "1745"]
[BlackElo "2009"]
[PlyCount "122"]
[EventDate "2009.06.27"]
[EventType "swiss"]
[EventRounds "7"]
[EventCountry "FRA"]
[SourceTitle "EXT 2010"]
[Source "ChessBase"]
[SourceDate "2010.11.25"]
[SourceVersion "1"]
[SourceVersionDate "2010.11.25"]
[SourceQuality "1"]

1. c4 c6 2. Nf3 Nf6 3. Nc3 d5 4. e3 e6 5. d4 Nbd7 6. a3 Bd6 7. cxd5 exd5 8. b4 b5 9. Bd3 a5 10. bxa5 Rxa5 11. Bb2 Qe7 12. Qb3 0-0 13. h3 Bb7 14. 0-0 Rfa8 15. a4 b4 16. Ne2 Nb6 17. Ra2 R8a7 18. Rfa1 Qe8 19. Ne1 Qa8 20. Bc2 Ba6 21. Bd3 Bc4 22. Qd1 b3 23. Ra3 Bxa3 24. Rxa3 Rxa4 25. Rxa4 Rxa4 26. Nc3 Ra2 27. Nxa2 Qxa2 28. Qc1 h6 29. Bb1 Qa6 30. Nf3 Na4 31. Nd2 Qb5 32. e4 Nxb2 33. Qxb2 dxe4 34. Nxe4 Nxe4 35. Bxe4 Bd5 36. Bb1 Qb4 37. Kh2 Qd6+ 38. Kg1 Qf4 39. f3 f5 40. Qc3 h5 41. Kf2 h4 42. Qe3 Qg3+ 43. Kg1 Qb8 44. Bxf5 b2 45. Bb1 Qc8 46. Qg5 Bf7 47. Qxh4 Qe6 48. Qe4 Qc4 49. Kf2 Kf8 50. Kg3 Qc1 51. Kg4 Bd5 52. Qf5+ Ke8 53. Qc8+ Ke7 54. Qc7+ Kf6 55. Qd6+ Be6+ 56. Kg3 Qxb1 57. Qf8+ Kg6 58. Qe8+ Bf7 59. Qxc6+ Kh7 60. Kh2 Qg6 61. d5 Qxc6 0-1

[Event "St Chely d'Aubrac op 7th"]
[Site "St Chely d'Aubrac"]
[Date "2007.07.14"]
[Round "1"]
[White "Carrie, Emilien"]
[Black "Epstein, Raphael"]
[Result "0-1"]
[WhiteElo "1240"]
[BlackElo "1771"]
[PlyCount "112"]
[EventDate "2007.07.07"]
[EventType "swiss"]
[EventRounds "9"]
[EventCountry "FRA"]
[SourceTitle "EXT 2008"]
[Source "ChessBase"]
[SourceDate "2007.11.25"]
[SourceVersion "1"]
[SourceVersionDate "2007.11.25"]
[SourceQuality "1"]

1. d4 Nf6 2. Nc3 e6 3. Bf4 Bb4 4. a3 Bxc3+ 5. bxc3 Nd5 6. Qd2 Nc6 7. e3 Nxf4 8. exf4 0-0 9. Bd3 b6 10. Ne2 f5 11. 0-0 Bb7 12. Ng3 Qf6 13. Qe3 g6 14. Qf3 Na5 15. Qe3 d6 16. Rae1 Rfe8 17. Bb5 c6 18. Bd3 Kf7 19. c4 Ba6 20. c5 Bxd3 21. Qxd3 dxc5 22. dxc5 b5 23. Re3 Rad8 24. Qc3 Qxc3 25. Rxc3 Nc4 26. a4 a6 27. a5 Rd5 28. Rd3 Rxc5 29. Rc3 Rd5 30. Ra1 Red8 31. h3 Rd1+ 32. Rxd1 Rxd1+ 33. Kh2 Ra1 34. Ne2 Ra3 35. Rxa3 Nxa3 36. c3 c5 37. g3 Nc4 38. g4 Nxa5 39. f3 Nc4 40. Kg3 a5 41. Kh4 Kf6 42. g5+ Ke7 43. Nc1 a4 44. Nd3 Kd6 45. Nc1 b4 46. cxb4 cxb4 47. Kg3 b3 48. Nd3 b2 49. Kh4 b1Q 50. Kg3 Qxd3 51. Kf2 e5 52. fxe5+ Nxe5 53. Kg3 Qxf3+ 54. Kh2 Nd3 55. Kg1 Ne1 56. Kh2 Qg2# 0-1

[Event "Syre Memorial op 28th"]
[Site "Issy les Moulineaux"]
[Date "2005.05.07"]
[Round "5"]
[White "Epstein, Raphael"]
[Black "Ruin, Gilles"]
[Result "0-1"]
[WhiteElo "1660"]
[BlackElo "2047"]
[PlyCount "84"]
[EventDate "2005.05.05"]
[EventType "swiss"]
[EventRounds "6"]
[EventCountry "FRA"]
[SourceTitle "EXT 2007"]
[Source "ChessBase"]
[SourceDate "2006.11.23"]
[SourceVersion "1"]
[SourceVersionDate "2006.11.23"]
[SourceQuality "1"]

1. c4 c5 2. Nf3 Nc6 3. Nc3 g6 4. g3 Bg7 5. Bg2 e6 6. 0-0 Nge7 7. d3 0-0 8. Bg5 h6 9. Bd2 Kh7 10. a3 d5 11. cxd5 exd5 12. Rb1 d4 13. Na4 b6 14. b4 cxb4 15. axb4 Bb7 16. Ne1 Qd7 17. e4 dxe3 18. fxe3 Ne5 19. Bxb7 Qxb7 20. Qb3 Nf5 21. Nc3 Rad8 22. Ne2 Ng4 23. Nc2 Ne5 24. Ne1 Qd7 25. d4 Ng4 26. Nc2 Nf6 27. Qd3 Nd6 28. Nc3 Rfe8 29. Rf4 Nh5 30. Rf3 f5 31. Re1 Nf6 32. Rf4 Nde4 33. Nxe4 Nxe4 34. g4 Be5 35. Rff1 fxg4 36. Re2 Ng5 37. Kf2 Nf3 38. Qc4 Qe7 39. Rh1 Qh4+ 40. Kf1 Qh3+ 41. Kf2 Qh4+ 42. Kf1 Rf8 0-1

[Event "Montigny le Bretonneux Noel op 06th"]
[Site "Montigny le Bretonneux"]
[Date "2003.12.26"]
[Round "1"]
[White "Larramendy, Pierre"]
[Black "Epstein, Raphael"]
[Result "1-0"]
[WhiteElo "1930"]
[BlackElo "1499"]
[PlyCount "97"]
[EventDate "2003.12.26"]
[EventType "swiss"]
[EventRounds "6"]
[EventCountry "FRA"]
[SourceTitle "CBM 097 Extra"]
[Source "ChessBase"]
[SourceDate "2004.01.13"]
[SourceVersion "1"]
[SourceVersionDate "2004.01.13"]
[SourceQuality "1"]

1. e4 c6 2. d4 d5 3. Nc3 dxe4 4. Nxe4 Bf5 5. Ng3 Bg6 6. h4 h6 7. Nf3 Nf6 8. h5 Bh7 9. Bd3 e6 10. Bxh7 Nxh7 11. Bf4 Qa5+ 12. c3 Qa6 13. Qb3 Be7 14. 0-0-0 0-0 15. Ne4 Nd7 16. g4 Qe2 17. Nfd2 Ndf6 18. Rde1 Qb5 19. Qxb5 cxb5 20. Reg1 Nxg4 21. Rxg4 f5 22. Rg6 fxe4 23. Bxh6 Rf7 24. Rhg1 Bf8 25. Nxe4 Kh8 26. Be3 Be7 27. Rxe6 Nf8 28. Re5 Rd8 29. Rxb5 b6 30. Ng5 Bxg5 31. Rbxg5 Nh7 32. Re5 Nf6 33. c4 Rc8 34. b3 Rfc7 35. d5 b5 36. d6 Rd7 37. Rxb5 Rxd6 38. Rb7 Rg8 39. Bf4 Rd4 40. Be5 Rh4 41. Bxf6 gxf6 42. Rxg8+ Kxg8 43. Rb5 Rf4 44. c5 Rxf2 45. c6 Rf1+ 46. Kb2 Rf2+ 47. Kc3 Rf3+ 48. Kb4 Rf4+ 49. Ka5 1-0